000
00298nam a22001337a 4500
008
181011b xxu||||| |||| 00| 0 eng d
020
_a
0395868440
041
_a
eng
080
_a
821
100
_a
21
101
_a
GJL
245
_a
Patterns. A short Prose reader
_c
Conlin, M.L
942
_2
udc
_c
BK
999
_c
49454
_d
49454